00979nam a2200253Ia 450000500170000000800410001702000180005804100080007608200150008424501170009925000180021630000250023450000470025950400550030665000560036165000680041765000450048570000270053026400450055733600270060233700330062933800280066204000350069020220317001859.0170410s2011 c g 000 0 s  a9789587320886 aspa04a986.1bF7100aFragmentos de historia política y culturalbColombia siglo XIX y XXcYesenia Pumarada Cruz... [y otros cuatro] a1a. edición a164 páginasc24 cm aIncluye datos biográficos de los autores aIncluye bibliografía al final de cada capítulo142LEMBaCulturavEnsayos, conferencias, etczColombia142LEMBaHistoria políticavEnsayos, conferencias, etczColombia142LEMBaColombiavHistoriaySiglo XIX - XX1 aPumarada Cruz, Yesenia a[Popayán]bUniversidad del Caucac2011 atextobtxt2rdacontent asin mediaciónbn2rdamedia avolumenbnc2rdacarrier aCO-BoRNBPbspaerdacCO-BoRNBP